| 000 | 00349nam a22001337a 4500 | ||
|---|---|---|---|
| 003 | SGT | ||
| 082 |
_a150 _bI21J |
||
| 100 | _aJha, Vivek Kumar | ||
| 245 | _aImpact Of Hearing Impairment on Marital Adjustment and Mental Health In Elderly Couples | ||
| 260 |
_aGURUGRAM _bSGT UNIVERSITY _c2021 |
||
| 300 | _a124 | ||
| 650 | _aP.HD | ||
| 942 |
_2ddc _cTH |
||
| 999 |
_c26432 _d26432 |
||